Liedtext erkennen #2 - Statistiken

Allgemein
  • Dieses Quiz wurde 440 mal gespielt
  • Das Durchschnittsergebnis liegt bei 64 aus 189
Antwortstatistiken
Antwort % Korrekt
a
90%
A
90%
th
81%
he
75%
the
75%
an
71%
she
65%
and
64%
it
61%
to
56%
in
51%
on
47%
can
40%
win
40%
they
39%
will
38%
my
37%
dont
34%
goes
34%
of
34%
for
33%
girl
32%
night
30%
were
30%
world
30%
boy
28%
Just
28%
just
28%
goin
27%
small
27%
1981 Jahr
26%
time
26%
town
25%
Livin
25%
stop
25%
train
25%
lonely
24%
sing
24%
midnight
23%
took
23%
up
23%
anywhere
22%
down
22%
city
21%
believin
20%
one
20%
born
19%
Detroit
19%
south
19%
lose
18%
never
18%
people
18%
raised
18%
some
18%
strangers
18%
Strangers
18%
Dont Stop Believing Titel
17%
feelin
17%
get
17%
hold
17%
Journey Interpret
17%
more
16%
smell
16%
cheap
15%
boulevard
14%
find
14%
perfume
14%
room
14%
wine
14%
shadows
13%
Their
13%
Streetlights
12%
streetlights
12%
waiting
12%
blues
11%
searching
11%
singer
11%
smoky
11%
somewhere
11%
emotion
10%
hiding
10%
oh
10%
share
10%
everybody
9%
living
9%
roll
9%
smile
9%
wants
9%
dice
8%
ends
8%
hard
8%
movie
8%
belivin
7%
anything
6%
thrill
6%
Working
6%
fill
5%
payin
4%
Keine übereinstimmenden Quizze gefunden
Verteilung der Resultate
Anzahl Personen mit jedem Resultat
Perzentil nach korrekt beantworteten Fragen
Ihre Resultats-Entwicklung
Sie haben dieses Quiz noch nicht gespielt